Dejiny geografie a jej vedecký status

Autor charakterizuje vedecký status geografie vo vybraných etapách jej dejín. Geografia ako veda v čase antiky, renesancie a v 20. storočí.

Na minha lista:
Detalhes bibliográficos
Autor principal: Paulov, Ján
Formato: Capítulo de Livro
Idioma:eslovaco
Assuntos:
Tags: Adicionar Tag
Sem tags, seja o primeiro a adicionar uma tag!

MARC

LEADER 00000naa a2200000 4500
001 0190269
005 20231208101511.0
041 0 |a slo 
044 |a SK 
245 1 0 |a Dejiny geografie a jej vedecký status  |c Ján Paulov 
520 |a Autor charakterizuje vedecký status geografie vo vybraných etapách jej dejín. Geografia ako veda v čase antiky, renesancie a v 20. storočí. 
610 2 0 |a geografia 
610 2 0 |a veda 
610 2 0 |a história 
100 1 |a Paulov, Ján